| 000 | 00833cam a2200265 i 4500 | ||
|---|---|---|---|
| 001 | 4117377 | ||
| 003 | ARRUPE | ||
| 005 | 20141219134155.0 | ||
| 008 | 760406s1975 rh abf 000 0 eng | ||
| 010 | _a 75519743 | ||
| 020 | _a0582641721 | ||
| 040 |
_aDLC _cDLC _dDLC |
||
| 043 | _af-rh--- | ||
| 050 | 0 | 0 |
_aDT962.2 _b.R36 |
| 100 | 1 |
_aRansford, Oliver, _d1914- _99563 |
|
| 245 | 1 | 0 |
_aHistoric Rhodesia _cOliver Ransford and Peter Steyn. |
| 260 |
_aSalisbury, [Rhodesia] : _bLongman Rhodesia, _c1975. |
||
| 300 |
_a70 p., [12] leaves of plates : _bill. (some col.), maps ; _c22 cm. |
||
| 490 | 0 | _aBundu series | |
| 651 | 0 |
_aZimbabwe _xDescription and travel. _99736 |
|
| 651 | 0 |
_aZimbabwe _xHistory. _99704 |
|
| 700 | 1 |
_aSteyn, Peter, _d1936- _910910 |
|
| 906 |
_a7 _bcbc _corignew _d4 _encip _f19 _gy-gencatlg |
||
| 942 |
_2lcc _cSPC |
||
| 999 |
_c121461 _d121461 |
||